000 01488nam a22002777a 4500
005 20170124103146.0
010 _aB-242034
020 _c450.00
_a8174874372
035 _aB-242034
037 _bCen Lib/Ret
040 _aDPL
_bHN
082 _a398.87095413
_bसहग
100 _aसहगल, सुधा
_986201
245 _aपौड़ी गढ़वाल के लोकसंगीत का विश्लेषनात्मक अध्य्यन /
_cसुधा सहगल [और] शिखा ममगाई
246 _aPaudi gadwal ke loksangeet ka vishleshnatmak addhyan /
_bby Sudha Sehgal [aur] Shikha Mamgai
260 _aनई दिल्ली
_bराधा पब्लिकेशन्स
_c2006
270 _a4231/1, अंसारी रोड, दरियागंज
_bनई दिल्ली
_e110002
300 _a223पृ.
_c21सेमी(सजिल्द)
500 _aअनुक्रमाणिका शामिल
650 _aगढ़वाल -- ऐतिहासिक एवं सांस्कृतिक परिचय
_986202
650 _aपौड़ी गढ़वाल -- प्रकार एवं विशेषताएँ
_986203
650 _aGarhwal - historical and cultural introduction
_986204
650 _aPauri Garhwal - Types and Features
_986205
700 _aममगाई, शिखा
_986206
942 _2ddc
_cHN
_h398.87095413
_mसहग
999 _c119682
_d119682